00525nam a2200193 a 4500001001300000003000900013005001700022008004100039020002300080082002000103100002100123245003900144260004400183300000900227500003500236505001000271650002900281700002100310nice12345678IN_TiNIC20260116013730.0050524s1998 lona grp 000 0 eng  a0192295 c42500a305.697043bSRI aSrinivas, Smriti aMouths of People, the Voice of God aLondan bOxford University Press c1998 a219p aincludes index and biblioraphy2 aIndex aIslam-Relations Buddhism1 aSrinivas, Smriti